|
|
|
|
| LEADER |
00000nam a2200000 a 4500 |
| 001 |
vtls001450076 |
| 003 |
SK-MaSNL |
| 005 |
20260301013819.0 |
| 008 |
210928s1965 xo f 00000 slo |
| 035 |
|
|
|a SNK000405363
|
| 040 |
|
|
|a SNK
|b slo
|c SNK
|e AACR2
|
| 041 |
|
|
|a slo
|
| 044 |
|
|
|a xo
|c SK
|
| 072 |
|
7 |
|a 371
|x Školstvo (organizácia)
|2 konspekt
|
| 072 |
|
7 |
|a 811.162.4
|x Slovenčina
|2 konspekt
|
| 080 |
|
|
|a 37.091.214
|2 2011
|
| 080 |
|
|
|a 376
|2 2011
|
| 080 |
|
|
|a 811.162.4
|2 2011
|
| 080 |
|
|
|a (072)
|2 2011
|
| 245 |
0 |
0 |
|a Učebné osnovy pre osobitné školy
|p Slovenský jazyk
|
| 246 |
3 |
0 |
|a Slovenský jazyk
|
| 250 |
|
|
|a 1. vyd.
|
| 260 |
|
|
|a Bratislava
|b Slovenské pedadogické nakladateľstvo
|c 1965
|
| 300 |
|
|
|a 62 s.
|c 21 cm
|
| 366 |
|
|
|e 700 výtl.
|
| 500 |
|
|
|a Brož.
|
| 650 |
0 |
7 |
|a učebné osnovy
|2 SNKPH
|9 4071
|
| 650 |
0 |
7 |
|a osobitné školy
|2 SNKPH
|9 71317
|
| 650 |
0 |
7 |
|a špeciálne školy
|2 SNKPH
|9 60361
|
| 650 |
0 |
7 |
|a Subject programmes
|2 SNKPHeng
|9 301146
|
| 650 |
0 |
7 |
|a Special schools
|2 SNKPHeng
|9 268713
|
| 650 |
0 |
7 |
|a slovenčina
|2 SNKPH
|9 1350
|
| 650 |
0 |
7 |
|a Slovak language
|2 SNKPHeng
|9 266031
|
| 655 |
|
7 |
|a metodické príručky
|2 SNKPH
|9 70250
|
| 655 |
|
7 |
|a Methodological manuals
|2 SNKPHeng
|9 270866
|
| 852 |
|
|
|a Štátna vedecká knižnica v Banskej Bystrici
|
| 958 |
|
|
|a OND
|
| 999 |
|
|
|c 557024
|d 558954
|
| 952 |
|
|
|a SNK
|b SNK
|y PREZ
|7 0
|p 17A0773281
|o snkSD 28012
|0 0
|1 0
|4 0
|d 2013-08-06
|l 0
|r 2026-02-23 13:29:08
|w 2026-02-23
|
| 952 |
|
|
|t P60, <04>, [BOOK], {604}
|a SNK
|b SNK
|y VYP
|7 0
|p 17A0373757
|o snkSD 28012 D1
|0 0
|1 0
|4 0
|d 2003-02-21
|l 0
|r 2005-01-02 00:00:00
|w 2026-02-23
|